Statistics for List of aliases for Asian nations

Click here to take the quiz!

General Stats

  • This quiz has been taken 47 times
    (18 since last reset)
  • The average score is 25 of 34

Answer Stats

NicknameAnswer% Correct
The Sleeping GiantChina
100%
Land of Red DragonChina
100%
Land Of The Rising SunJapan
100%
Formosa IslandTaiwan
93%
Emerald of the EquatorIndonesia
87%
Cradle of CivilizationIraq
87%
MaharlikaPhilippines
87%
Land Of The Thunder DragonBhutan
80%
The Country Of The Great SteppeKazakhstan
80%
Truly AsiaMalaysia
80%
Birthplace of BuddhaNepal
80%
Hermit KingdomNorth Korea
80%
Plastic Surgery Capital Of The WorldSouth Korea
80%
CeylonSri Lanka
80%
Land of SmilesThailand
80%
Land of Blue DragonVietnam
80%
Abode of PeaceBrunei
73%
Land of Snake CharmersIndia
73%
FarsiIran
73%
Land of the Blue SkyMongolia
73%
Sick man of Europe (formerly)Turkey
73%
Graveyard of EmpiresAfghanistan
67%
KampucheaCambodia
67%
Land of The Sleeping CrocodileEast Timor
67%
Hashemite KingdomJordan
67%
Land of Golden PagodasMyanmar
67%
Land of the Two Holy MosquesSaudi Arabia
67%
Little Red DotSingapore
67%
Land of a Million ElephantsLaos
60%
Island of PearlsBahrain
53%
Rickshaw Capital of the WorldBangladesh
53%
Unsinkable Aircraft CarrierCyprus
47%
Fragrant HarbourHong Kong
33%
Vegas of the EastMacau
33%

Score Distribution

Percentile by Number Answered

Percent of People with Each Score

Your Score History

You have not taken this quiz since the last reset